Statystyki dla Wypisz Przynajmniej Jeden Kraj Odpowiadający Danej Kategorii

Kliknij tutaj aby rozwiązać quiz!

Ogólne statystyki

  • Ten quiz został rozwiązany 1 571 razy
    (1 167 od ostatniego zresetowania)
  • Średni wynik to 27 z 35

Statystyki odpowiedzi

LpWypisz jeden kraj:Kraje% Poprawnych
1Będący sąsiadami PolskiBiałoruś / Czechy / Litwa / Niemcy / Rosja / Słowacja / Ukraina
100%
3Wchodzący w skład ZSSRArmenia / Azerbejdżan / Białoruś / Estonia / Gruzja / Kazachstan / Kirgistan / Litwa / Łotwa / Mołdawia / Rosja /Turkmenistan / Uzbekistan
99%
5Którego nazwa stolicy jest taka sama jak nazwa państwaAndora / Dżibuti / Luksemburg / Kuwejt / Meksyk / Monako / Panama / San Marino / Singapur / Watykan
98%
6Którego liczba ludności jest wyższa od 200 000 000Brazylia / Chiny / Indie / Indonezja / Nigeria / Stany Zjednoczone
98%
2Zaczynający się na literę "Z"Zambia / Zimbabwe / Zjednoczone Emiraty Arabskie
97%
4Wchodzący w skład JugosławiiBośnia i Hercegowina / Chorwacja / Czarnogóra / Kosowo / Macedonia Północna / Serbia / Słowenia
95%
17Leżący na dwóch kontynentach (nie wliczając eksklaw, terytoriów zamorskich)Egipt / Kazachstan / Panama / Turcja / Rosja
92%
24Będący krajem słowiańskimBiałoruś / Bośnia i Hercegowina / Bułgaria / Chorwacja / Czarnogóra / Czechy / Macedonia Północna / Polska / Rosja / Serbia / Ukraina
91%
10Nie leżący w Europie, gdzie językiem urzędowym jest portugalskiAngola / Brazylia / Gwinea Bissau / Mozambik / Republika Zielonego Przylądka / Timor Wschodni / Wyspy Świętego Tomasza i Książeca
90%
11Będący afrykańskim krajem wyspiarskimKomory / Madagaskar / Mauritius / Republika Zielonego Przylądka / Seszele / Wyspy Świętego Tomasza i Książeca
90%
19Który był organizatorem mistrzostw świata w piłce nożnej i który nie leży w EuropieArgentyna / Brazylia / Chile / Japonia / Korea Południowa / Meksyk / Republika Południowej Afryki / Stany Zjednoczone / Urugwaj
89%
23Leżący w Ameryce Południowej a nie posiadający granicy z BrazyliąChile / Ekwador
88%
14W którego nazwie znajduje się nazwa kierunku geograficznegoKorea Południowa / Korea Północna / Macedonia Północna / Sudan Południowy / Republika Południowej Afryki /Timor Wschodni
88%
15Panuje komunizmChiny / Laos / Korea Północna / Kuba / Wietnam
87%
7Będący krajem wyspiarskim z dostępem do Morza ŚródziemnegoCypr / Malta
87%
12Na terenie których znajdują się HimalajeMjama / Bhutan / Chiny / Indie / Nepal / Pakistan
87%
20W którego stolicy średnia roczna temperatura nie przekracza 5.5*CEstonia / Finlandia / Islandia / Kanada / Kazachstan / Mongolia / Rosja
86%
22Na którym rozciągało się Cesarstwo Rzymskie i który nie leży w EuropieAlgieria / Arabia Saudyjska / Cypr / Egipt / Izrael / Jordania / Liban / Libia / Maroko / Tunezja / Turcja / Syria
84%
13Będący azjatycką monarchiąArabia Saudyjska / Bahrajn / Bhutan / Brunei / Japonia / Jordania / Kambodża / Katar / Kuwejt / Malezja / Oman / Tajlandia / Zjednoczone Emiraty Arabskie
84%
8Mający dostęp do Zatoki PerskiejArabia Saudyjska / Bahrajn / Irak / Iran / Kuwejt / Zjednoczone Emiraty Arabskie
79%
34Mający ponad 10 000 km granicy lądowejBrazylia / Chiny / Indie / Kazachstan / Rosja / Stany Zjednoczone / Demokratyczna Republika Konga
79%
9Mający stolicę nad DunajemAustria / Serbia / Słowacja /Węgry
78%
30W którego fladze narodowej jest tylko czerwony i biały -nie leżący w EuropieBahrajn / Gruzja / Indonezja / Japonia / Kanada / Singapur / Tonga / Tunezja
78%
21Przez który przebiega równik (nie wliczając terytoriów zależnych i wód terytorialnych)Brazylia / Ekwador / Demokratyczna Republika Konga / Gabon / Indonezja / Kenia / Kolumbia / Somalia / Uganda
78%
18Będący śródlądowym krajem Ameryki PołudniowejBoliwia / Paragwaj
77%
25We fladze którego znajduje się tzw. "Union Jack" -z wyjątkiem Wielkiej BrytaniiAustralia / Fidżi / Nowa Zelandia / Tuvalu
76%
33Który powstały po 1994 rokuCzarnogóra / Kosowo / Palau / Sudan Południowy / Timor Wschodni
70%
16Należący do organizacji NAFTAKanada / Meksyk / Stany Zjednoczone
63%
31Będący enklawąLesotho / San Marino / Watykan
59%
28Wyspiarski posiadający granicę lądową -bez krajów nieuznawanych na arenie międzynarodowejBrunei / Dominikana / Haiti / Indonezja / Irlandia / Papua Nowa Gwinea / Timor Wschodni / Wielka Brytania
56%
26Mający dostęp do Jeziora WiktoriiKenia / Tanzania / Uganda
56%
35Którego stolica jest mniej niż 80 km od innej stolicy -z wyjątkiem Watykanu i WłochAustria / Demokratyczna Republika Konga / Kongo / Kosowo / Macedonia Północna /Słowacja
48%
32W Afryce który w latach 1918 - 1939 nie był koloniąLiberia / Etiopia
48%
29W którego stolicy średnia roczna temperatura przekracza 28*CDżibuti / Filipiny / Kambodża / Niger / Sudan / Tajlandia
43%
27Którego walutą jest dolar amerykański (USD) -z wyjątkiem Stanów ZjednoczonychEkwador / Mikronezja / Palau / Salwador / Timor Wschodni / Wyspy Marshalla /Zimbabwe
27%

Rozkład punktacji

Percentyl według liczby udzielonych odpowiedzi

Procent ludzi z każdym wynikiem

Twoja historia wyników

Nie rozwiązałeś tego quizu od ostatniego zresetowania